000 00399nam a2200145Ia 4500
008 230917s9999||||xx |||||||||||||| ||und||
040 _e240487
_aMAIN
041 _aEnglish
082 _a615.19 Y1D
100 _aYadav, Nandkishore
245 0 _aDevelopment and optimization of proniosomal carrier system(s) for cosmetic and therapeutic use
260 _c2016
300 _a255 p.
942 _cTH
999 _c126976
_d126976